000 00543nam a2200217Ia 4500
003 OSt
005 20220928143238.0
006 a|||||r|||| 00| 0
007 ta
008 220927b |||||||| |||| 00| 0 eng d
024 _a21488
037 _cTextual
040 _aSDCL
_cSDCL
_beng
041 _2eng
_aeng
082 _aO15,2D80,1, M5
100 _aJha Ramesh Kumar
_9504957
245 0 _aVeneesanhaar - natkam.
260 _c1985
942 _hO15,2D80,1, M5
_cTEXL
_2CC
999 _c823527
_d823527